Loading...

Corporate strategy an analytic approach to business policy for growth and expansion

Bibliografiske detaljer
Hovedforfatter: Ansoff, H.I
Sprog:English
Udgivet: London Penguin 1965
Fag:
LEADER 01354nam a22002417a 4500
005 20151215125726.0
008 100118t xxu||||| |||| 00| 0 eng d
082 |a 658.401 2  |b ANS 
100 |a Ansoff, H.I.  |9 13174 
245 |a Corporate strategy  |b an analytic approach to business policy for growth and expansion  
300 |a 204p. 
653 |a planing and policy making 
942 |c TB  |6 _ 
260 |b Penguin  |c 1965  |a London 
999 |c 108784  |d 108784 
952 |0 0  |1 0  |2 ddc  |4 0  |6 _  |7 0  |9 137107  |a SMS  |b SMS  |c GEN  |d 2010-01-18  |p SMST02249  |r 2010-01-18  |w 2010-01-18  |y TB 
952 |0 0  |1 0  |2 ddc  |4 0  |6 658401_2ANS  |7 0  |9 137108  |a SMS  |b SMS  |c GEN  |d 2010-01-18  |o 658.401 2 ANS  |p SMST02250  |r 2010-01-18  |w 2010-01-18  |y TB 
952 |0 0  |1 5  |2 ddc  |4 0  |6 _  |7 0  |9 137109  |a SMS  |b SMS  |c GEN  |d 2010-01-18  |p SMST02251  |r 2010-01-18  |w 2010-01-18  |y WR 
952 |0 0  |1 5  |2 ddc  |4 0  |6 _  |7 0  |9 137110  |a SMS  |b SMS  |c GEN  |d 2010-01-18  |p SMST02252  |r 2010-01-18  |w 2010-01-18  |y WR 
952 |0 0  |1 5  |2 ddc  |4 0  |6 _  |7 0  |9 137111  |a SMS  |b SMS  |c GEN  |d 2010-01-18  |p SMST02253  |r 2010-01-18  |w 2010-01-18  |y WR 
952 |0 0  |1 5  |2 ddc  |4 0  |6 _  |7 0  |9 137112  |a SMS  |b SMS  |c GEN  |d 2010-01-18  |p SMST02254  |r 2010-01-18  |w 2010-01-18  |y WR 
952 |0 0  |1 5  |2 ddc  |4 0  |6 _  |7 0  |9 137113  |a SMS  |b SMS  |c GEN  |d 2010-01-18  |p SMST02255  |r 2010-01-18  |w 2010-01-18  |y WR 
952 |0 0  |1 0  |2 ddc  |4 0  |6 658401_2ANS  |7 0  |9 137114  |a SMS  |b SMS  |c GEN  |d 2010-01-18  |o 658.401 2 ANS  |p SMST02256  |r 2010-01-18  |w 2010-01-18  |y TB